000 00795cam a2200241 i 4500
001 BD-DhSAU 378
003 BD-DhSAU
005 20141231002619.0
008 780901s1979 enk b 001 0 eng
020 _a0582446309 :
_c£4.95
040 _cBD-DhSAU
082 0 0 _a631.54
_222
_bSIP
100 1 _aSimmonds, N. W.
_q(Norman Willison),
_d1922-
245 1 0 _aPrinciples of crop improvement /
_cN. W. Simmonds.
260 _aLondon ;
_aNew York :
_bLongman,
_c1979.
300 _axiv, 408 p. :
_bill. ;
_c23 cm.
500 _aIncludes indexes.
504 _aBibliography: p. 369-399.
590 _aIMRAN
650 0 _aagronomy
650 0 _aPlant breeding.
856 _us.google.com.bd/books?id=-JYmSAAACAAJ&dq=principles+of+crop+improvement&hl=en&sa=X&ei=6bKjVMyXL86VuASdioKoCg&ved=0CB0Q6AEwAA
942 _2ddc
_cBOOK
999 _c378
_d378